00711nam a22002417a 45000010005000000030006000050050017000110080041000280200015000690400029000840500014001130820008001271000027001352450038001622600040002003000061002404900027003015050007003285200059003355210018003945210018004126500039004309224FISKH20251208101605.0251203b cb ||||| |||| 00| 0 eng d a0590968254 aFISKHbengcFISKHdFISKH aQB637 .M3 a508 aMaass, Robert eAuthor aWhen autumn comes /cRobert Maass aNew York :bScholastic Inc. ,c1990 a32 unnumbered pages :bcolor illustrations ;c21 x 26 cm aWhen...comes :vAutumn aN  aDepicts in words and photographs the coming of autumn.8 a600 bLexile 8 aN bRaz-Plus  aSeasons vWhat happens in the fall